[Event "Barcelona Sant Marti op-B 23rd"]
[Site "Barcelona"]
[Date "2023.07.18"]
[Round "6"]
[White "Pascual Gonzalez, Novelles David"]
[Black "Rull Monclus, Arnau"]
[Result "1-0"]
[WhiteElo "1515"]
[BlackElo "1458"]
[PlyCount "73"]
[EventDate "2023.07.13"]
[EventType "swiss"]
[EventRounds "9"]
[EventCountry "ESP"]
[SourceTitle "CBM 215 Extra"]
[Source "ChessBase"]
[SourceDate "2023.09.30"]
[SourceVersion "1"]
[SourceVersionDate "2023.09.30"]
[SourceQuality "1"]

1. e4 e5 2. Nf3 Nc6 3. Bc4 Nf6 4. Nc3 Bc5 5. 0-0 d6 6. h3 Be6 7. Bb3 0-0 8. d3 h6 9. Ne2 a5 10. c3 d5 11. exd5 Bxd5 12. Ng3 Qe7 13. Bxd5 Nxd5 14. Ne4 Bb6 15. Re1 Nf6 16. Nxf6+ Qxf6 17. Re4 Rad8 18. Qe2 Qf5 19. Be3 Bxe3 20. fxe3 Rfe8 21. Rf1 Qh5 22. Rh4 Qg6 23. e4 Qd6 24. Ne1 b5 25. Qf3 f6 26. Qf5 b4 27. Rxh6 Ne7 28. Qh7+ Kf7 29. Rhxf6+ Qxf6 30. Rxf6+ Kxf6 31. Qh4+ Kf7 32. Qf2+ Kg8 33. Qc5 bxc3 34. Qxc3 Rb8 35. b3 Rec8 36. Qxe5 Re8 37. Qxa5 1-0

[Event "Foment Martinenc op-C 21st"]
[Site "Barcelona"]
[Date "2019.06.01"]
[Round "6"]
[White "Rull Monclus, Arnau"]
[Black "Larios Ongay, Eloi"]
[Result "0-1"]
[WhiteElo "1418"]
[BlackElo "1388"]
[PlyCount "58"]
[EventDate "2019.04.27"]
[EventType "swiss"]
[EventRounds "9"]
[EventCountry "ESP"]
[SourceTitle "EXT 2020"]
[Source "ChessBase"]
[SourceDate "2019.10.17"]
[SourceVersion "1"]
[SourceVersionDate "2019.10.17"]
[SourceQuality "1"]

1. e4 e5 2. d4 Nc6 3. d5 Nd4 4. Be3 c5 5. dxc6 Bc5 6. Bxd4 exd4 7. cxb7 Bxb7 8. Bd3 Qa5+ 9. Qd2 Qc7 10. Nf3 Nf6 11. c3 Qa5 12. b4 dxc3 13. Qxc3 Bxb4 14. Nfd2 Bxc3 15. 0-0 Bxa1 16. Nb3 Qe5 17. Nxa1 Qxa1 18. e5 Qxe5 19. Rd1 0-0 20. Bb5 Rac8 21. Bxd7 Nxd7 22. h3 Rfe8 23. Rxd7 Qe1+ 24. Kh2 Rcd8 25. Rxb7 h6 26. Rxa7 Qe5+ 27. g3 Rd3 28. f4 Qe2+ 29. Kh1 Rd1# 0-1